000 00775cab a2200229 4500
001 X88188
008 090401t1997 xxu||||| |||| 00| 0 eng d
035 _a(Sirsi) u82568
041 _aeng
245 _aMellowes Archital Ltd v Bell Projects Ltd
260 _c1997
350 _a0
490 _aConstruction Industry Law Letter
_v[1997] CILL 1320-1323(4)
520 _aCA 15 October 1997. Claim in respect of delay not available as an arguable defence to an interim payment claim if the delay claim characterised as matter of abatement.
650 _aDELAY
650 _aINTERIM PAYMENTS
650 _aMELLOWES ARCHITAL LTD V BELL PROJECTS LTD
650 _aSUBCONTRACTORS
690 _aBUILDING AND CONSTRUCTION-CASE LAW
942 _n0
948 _c10/12/1997
999 _c52140
_d52140